Word Ladder: Octagon Quiz Stats

 Plays Quiz not verified by Sporcle

Also try: First Name Frenzy!
Challenge
Share
Tweet
Embed
Score 0/11 Timer 02:00
0 Plays Today
Hint Word % Correct
Staircase partSTEP
97.2%
Main body of a plantSTEM
96.3%
Appear to beSEEM
94.4%
Come to an endSTOP
93.5%
Exhale with reliefSIGH
91.7%
Write own name on a documentSIGN
91.7%
Directs eyes atSEES
90.7%
Lust, greed, pride are theseSINS
90.7%
Puts bottom on a chairSITS
89.8%
GroupsSETS
88%
Hyperbolic sineSINH
86.1%

You're not logged in!

Compare scores with friends on all Sporcle quizzes.
Join for Free
OR
Log In

You Might Also Like...

Show Comments

Extras

Created Nov 30, 2015ReportNominate
Tags:Word Ladder Quiz, red, sign

Top Quizzes Today


Score Distribution

Your Account Isn't Verified!

In order to create a playlist on Sporcle, you need to verify the email address you used during registration. Go to your Sporcle Settings to finish the process.

Report this User

Report this user for behavior that violates our Community Guidelines.

Details: